Catálogo
 En Linea

Amigos fuertes de Dios : (Registro nro. 48696)

Detalles MARC
000 -CABECERA
campo de control de longitud fija 00566nam a2200169 a 4500
001 - NÚMERO DE CONTROL
campo de control 000049208
005 - FECHA Y HORA DE LA ÚLTIMA TRANSACCIÓN
campo de control 20201002061734.0
008 - DATOS DE LONGITUD FIJA--INFORMACIÓN GENERAL
campo de control de longitud fija 190729s1998 dr r 000 0 spa d
040 ## - FUENTE DE LA CATALOGACIÓN
Centro catalogador/agencia de origen DO-SdBNP
Lengua de catalogación spa
Centro/agencia transcriptor BNPHU
082 ## - NÚMERO DE LA CLASIFICACIÓN DECIMAL DEWEY
Número de clasificación xxxx
Número de documento/Ítem G633a
100 1# - ENTRADA PRINCIPAL--NOMBRE DE PERSONA
Nombre de persona Gómez Navarro, Eusebio
9 (RLIN) 2192
245 10 - MENCIÓN DE TÍTULO
Título Amigos fuertes de Dios :
Resto del título vida y pensamientos de Santa Teresa de Jesús /
Mención de responsabilidad, etc. Eusebio Gómez Navarro.
250 ## - MENCIÓN DE EDICIÓN
Mención de edición 2a ed.
260 ## - PUBLICACIÓN, DISTRIBUCIÓN, ETC.
Lugar de publicación, distribución, etc. Santo Domingo :
Nombre del editor, distribuidor, etc. Editorial de Espiritualidad del Caribe,
Fecha de publicación, distribución, etc. 1998.
300 ## - DESCRIPCIÓN FÍSICA
Extensión 108 p. :
Otras características físicas il. ;
Dimensiones 22 cm.
590 ## - NOTA LOCAL (RLIN)
Nota local Inventariado, 2019/BT
Existencias
Estado de retiro Estado de pérdida No para préstamo Código de colección Localización permanente Ubicación/localización actual Ubicación en estantería Fecha de adquisición Número de inventario Total de préstamos Signatura topográfica completa Código de barras Fecha visto por última vez Precio válido a partir de Tipo de ítem Koha Nota pública
    Excluido de préstamo Patrimonio Dominicano Patrimonio Dominicano Patrimonio Dominicano Depósito 29.07.2019 LF1   xxxx G633a 49209-10 25.06.2020 25.06.2020 Libro y Folleto Colección Patrimonio Dominicano Donado por César Rivera.

Con tecnología Koha